El nacimiento de la tragedia : o gracia y el pksimismo / [por] Friedrich Nietzsche ; tr. por Andrés Sánchez Pascual

Kaydedildi:
Detaylı Bibliyografya
Yazar: Nietzsche, Friedrich (autor)
Materyal Türü: Kitap
Seri Bilgileri:El libro de bolsillo ; 456
Konular:
Etiketler: Etiketle
Etiket eklenmemiş, İlk siz ekleyin!

MARC

LEADER 00000nam^a2200000^u^4500
001 000545036
005 20250521000000.0
008 060220s1000^^^^^^^^^^^^r^^^^^000^0^spa^d
009 20260310131341.304
035 |a FMI 000014389 
037 |a Acervo Xavier Clavigero 
096 |a 6.7/129/B 
100 |a Nietzsche, Friedrich  |e (autor) 
245 1 3 |a El nacimiento de la tragedia : o gracia y el pksimismo / [por] Friedrich Nietzsche ; tr. por Andrés Sánchez Pascual 
264 |a Madrid : Alianza, 1973 
300 |a 277 p. 
336 |a texto  |b txt  |2 rdacontenido 
337 |a sin mediación  |b n  |2 rdamedio 
338 |a volumen  |b nc  |2 rdasoporte 
440 3 |a El libro de bolsillo ; 456 
597 |a Trad. del alemán ("Die Geburt der Tragödie"). 
597 |a Grecia y el Pksimismo 
649 |a XX 
650 |a HISTORIA DE LA FILOSOFIA 
910 |a Fondo Francisco Migoya Covarrubias S.J. 
920 |a Impresos - Libros 
930 |a Fondos Especiales 
905 |a 134 
901 |a SBC17150  |b IT2  |c ESP  |u 20250521 
902 |a https://opac.biblio.iteso.mx/vufind/Record/000545036